Praktikum z nepriamych daní

Guardado en:
Detalles Bibliográficos
Autor principal: Schultzová, Anna
Autor Corporativo: Národohospodárska fakulta EU. Katedra financií
Otros Autores: Nekanovič, Miloslav, Rabatinová, Marcela, 1977-, Švolíková, Oľga, Vincúrová, Zuzana
Formato: Libro
Lenguaje:eslovaco
Publicado: Bratislava SÚVAHA 2004
Materias:
Etiquetas: Agregar Etiqueta
Sin Etiquetas, Sea el primero en etiquetar este registro!

MARC

LEADER 00000nam$a2200000$$$4500
001 0019803
005 20240502071409.5
020 |a 80-88727-79-0 
041 0 |a slo 
044 |a SK 
245 1 0 |a Praktikum z nepriamych daní  |c Anna Schultzová a kolektív 
264 1 |a Bratislava  |b SÚVAHA  |c 2004 
300 |a 59 s. 
610 2 0 |a dane 
610 2 0 |a dane nepriame 
610 2 0 |a dane z hodnoty pridanej 
610 2 0 |a dane spotrebné 
610 2 0 |a zdaňovanie 
100 1 |a Schultzová, Anna 
700 1 |a Nekanovič, Miloslav 
700 1 |a Rabatinová, Marcela, 1977- 
700 1 |a Švolíková, Oľga 
700 1 |a Vincúrová, Zuzana 
710 2 |a Národohospodárska fakulta EU. Katedra financií